000 01435nam a2200349 i 4500
003 EG-GICUC
005 20260314094642.0
008 251116b1977 ua ||||f |||| 00| 0 ara d
040 _a EG-GICUC
_c EG-GICUC
_d EG-GICUC
_erda
_bara
041 _aara
082 0 4 _221
_a345.01
_bف ت . ق
092 0 4 _221
099 _aLaw1 07 345.01 ف ت . ق 1977
100 0 _aفتوح محمود أبو العزم
_eمؤلف.
245 _aالقيادة الإدارية في الإسلام :
_bأصولها ومقوماتها /
_cإعداد دكتور فتوح محمود أبو العزم
264 _aالقاهرة :
_bجامعة الدول العربية-المنظمة العربية للعلوم الإدارية، مركز البحوث الإدارية،
_c1977.
300 _a38 صفحة ؛
_c24 سم.
336 _2rda content
_atext
337 _2rda media
_aComputer
338 _2rda carrier
_aOnline Resource
490 _v209
504 _aببليوجرافيا : صفحات 37-38
546 _aالنص باللغة العربية
650 1 _2qrmak
_aالقانون الإداري
650 1 _2qrmak
_aالقيادة الإدارية
_xالإسلام
650 1 _2qrmak
_aالإدارة
_xأساليب القيادة
650 1 _aالإدارة الإسلامية
830 _0
856 4 0 _uhttps://fll.law.cu.edu.eg/fulltext/bks/B07-00235.pdf
905 _aWesam Mahmoud
_eYara
942 _2ddc
_n0
_cBK
_e21
999 _c43378
_d43378